000 00746nam a22002417a 4500
001 000000001
003 OSt
005 20260601171014.0
008 260509b1956\\\\fr\a||||\||||\00|\0\eng\d
040 _aICI
_bSPA
_cICI
041 _aeng
050 _aTH845
_bG74 1956
100 1 _aGregoire, Roger,
_eautor
_933537
245 1 _aModular co-ordination in building /
_cRoger Gregoire.
260 _aParis :
_b[s.n.],
_c1956.
300 _a168 páginas
_c27 cm
504 _aIncluye referencias bibliográficas.
650 _aConstrucción modular.
_933538
650 _aEstandarización en la construcción.
_933539
650 _aArquitectura moderna{dollar}ySiglo XX.
_934807
650 _aIndustria de la construcción.
942 _2lcc
_cB
_n0
999 _c20604
_d20604